书目信息 |
| 题名: |
科技革命与社会发展
|
|
| 作者: | 王滨 著 | |
| 分册: | ||
| 出版信息: | 上海 同济大学出版社 2003.09 |
|
| 页数: | 358页 | |
| 开本: | 21cm | |
| 丛书名: | ||
| 单 册: | ||
| 中图分类: | F062.4 | |
| 科图分类: | ||
| 主题词: | 技术革命--教材 | |
| 电子资源: | ||
| ISBN: | 7-5608-2702-0 | |
| 000 | 00732nam0 2200241 45 | |
| 001 | 012004000000 | |
| 005 | 20050117144425.05 | |
| 010 | @a7-5608-2702-0@dCNY 23.00 | |
| 100 | @a20041101d2003 em y0chiy0121 ea | |
| 101 | 0 | @achi |
| 102 | @aCN@b310000 | |
| 105 | @aak z 000yy | |
| 200 | 1 | @a科技革命与社会发展@Ake ji ge ming yu she hui fa zhane@e马克思主义科技与人文新视野@f王滨著 |
| 210 | @a上海@c同济大学出版社@d2003.09 | |
| 215 | @a358页@c图, 表格@d21cm | |
| 300 | @a同济大学教材、学术著作出版基金委员会资助 | |
| 320 | @a本书含附录 | |
| 517 | 1 | @a马克思主义科技与人文新视野 |
| 606 | 0 | @a技术革命@j教材 |
| 690 | @aF062.4@v4 | |
| 701 | 0 | @a王滨@Awang bin@4著 |
| 801 | 0 | @aCN@bQSSK@c20050117 |
| 905 | @a10447@dF062.4@eW115 | |
| 科技革命与社会发展:马克思主义科技与人文新视野/王滨著.-上海:同济大学出版社,2003.09 |
| 358页:图, 表格;21cm |
| 同济大学教材、学术著作出版基金委员会资助 |
| ISBN 7-5608-2702-0:CNY 23.00 |
| ● |
| 相关链接 |
|
|
|
正题名:科技革命与社会发展
索取号:F062.4/W115
 
预约/预借
| 序号 | 登录号 | 条形码 | 馆藏地/架位号 | 状态 | 备注 |
| 1 | 438439 | 204384399 | 社科库409/409社科库 65排1列4层/ [索取号:F062.4/W115] | 在馆 | |
| 2 | 438440 | 204384406 | 社科库409/409社科库 65排1列4层/ [索取号:F062.4/W115] | 在馆 |